| 000 | 01072nam a2200301 i 4500 | ||
|---|---|---|---|
| 001 | 000009894 | ||
| 003 | DO-SdBNP | ||
| 005 | 20240412074213.0 | ||
| 006 | a||||er|||| 00| 0 | ||
| 007 | ta | ||
| 008 | 091002e1973 dr a r 000 p spa d | ||
| 040 |
_aDO-SdBNP _bspa _cBNPHU _erda |
||
| 082 | 4 |
_aRD861.44 _bC957p _222 |
|
| 100 | 1 |
_aCruz M. , José Anibal _924826 _eautor |
|
| 245 | 1 | 0 |
_aPoemas del amor y del deseo : _bdel ensueño. Poemas del amor y del deseo. Poemas a ti / _cJosé Anibal Cruz M. ; prólogo, César Ramos F. |
| 264 |
_aSanto Domingo : _bArte y Cine, _c1973. |
||
| 300 |
_a173 páginas : _bIlustraciones ; _c21 cm. |
||
| 336 |
_2rdacontent _atexto _btxt |
||
| 337 |
_2rdamedia _asin mediació _bn |
||
| 338 |
_2rdacarrier _avolumen _bnc |
||
| 500 | _aLa biblioteca posee 2 ejemplares autografiados por el autor | ||
| 590 | _aInventariado, 2024 / MF | ||
| 650 | 0 |
_aPoesía dominicana _966 |
|
| 650 | 0 |
_aLiteratura dominicana. _967 |
|
| 700 | 1 | 2 |
_aRamos Fernández, César, _eprólogo _924827 |
| 910 | _aValidado. Control de calidad.MFF | ||
| 942 |
_2ddc _cLBS1 |
||
| 999 |
_c9653 _d9653 |
||